000 01082cab a2200217 4500
001 L130681
008 050824n2005 000 0 eng u
035 _a(Sirsi) u130681
041 _aeng
100 _aPatterson, Lindy
245 _aTime to think about when to make a claim
260 _c2005
490 _aConstruction News
_v(6930) 18 August 2005, 11(1)
520 _aConsiders the variation in calculating the limitation period in which contract claims can be raised. The time limit can be six or years; these are set by statute, the main one being the Limitation Act 1980. Time limits are intended to prevent old claims being brought against people and to encourage speedy disposal but the date from which they are set can vary. Discusses in relation to law cases.
590 _aIKA300805
650 _aHENRY BOOT CONSTRUCTION V ALSTOM COMBINED CYCLES
650 _aPIRELLI GENERAL CABLE WORKS LTD V OSCAR FABER AND PARTNERS
650 _aLIMITATION ACT 1980
690 _aBUILT ENVIRONMENT-CONSTRUCTION MANAGEMENT-BUILDING CONTRACT ADMINISTRATION
942 _n0
999 _c75769
_d75769